Tiêu chuẩn xây dựng :Hệ thống thông gió, điều hòa không khí và cấp lạnh chế tạo, lắp đặt và nghiệm thu

Guardat en:
Dades bibliogràfiques
Format: Llibre
Idioma:Vietnamese
Publicat: Xây dựng 1999
Matèries:
Etiquetes: Afegir etiqueta
Sense etiquetes, Sigues el primer a etiquetar aquest registre!
Thư viện lưu trữ: Mạng thư viện Đại học Đà Nẵng
LEADER 01041nam a2200301 a 4500
001 000003425
003 01550
005 20171229145311.0
008 171229s1999 vie
040 |a LSK 
041 0 |a VIE 
082 0 |a 690.0218  |b Ti-C 
245 0 0 |a Tiêu chuẩn xây dựng :Hệ thống thông gió, điều hòa không khí và cấp lạnh chế tạo, lắp đặt và nghiệm thu 
260 |b Xây dựng  |c 1999 
300 |a 52 pages  |c 27 cm. 
653 |a Xây dựng - Tiêu chuẩn Việt Nam 
852 |a Phòng Đọc 
901 |a 1 
927 |a Sách tham khảo 
OWN |a LSK 
AVA |a UDN50  |b LSK  |d 690.0218 Ti-C  |e available  |t Error 5001 Not defined in file expand_doc_bib_avail.  |f 1  |g 0  |h N  |i 0  |k 1 
999 |a From the UDN01 
AVA |a UDN50  |b LSK  |d 690.0218 Ti-C  |e available  |t Error 5001 Not defined in file expand_doc_bib_avail.  |f 1  |g 0  |h N  |i 0  |k 1 
TYP |a Monograph 
TYP |a Printed language 
980 |a Mạng thư viện Đại học Đà Nẵng